| 000 -LEADER |
| fixed length control field |
01056nam a22001937a 4500 |
| 005 - DATE AND TIME OF LATEST TRANSACTION |
| control field |
20241120133758.0 |
| 008 - FIXED-LENGTH DATA ELEMENTS--GENERAL INFORMATION |
| fixed length control field |
240531b ||||| |||| 00| 0 eng d |
| 040 ## - CATALOGING SOURCE |
| Transcribing agency |
SSBUL |
| 041 ## - LANGUAGE CODE |
| Language code of text/sound track or separate title |
Myanmar |
| 082 ## - DEWEY DECIMAL CLASSIFICATION NUMBER |
| Edition number |
23 |
| Classification number |
၂၉၄.၃၇၅ ဉာ |
| Item number |
၁၂၆၄၆ S-UOK |
| 100 0# - MAIN ENTRY--PERSONAL NAME |
| Personal name |
ဉာဏ၊ အရှင် |
| 245 10 - TITLE STATEMENT |
| Title |
ဓမ္မရုံးတော်ဉာဏ်မဟော် / |
| Statement of responsibility, etc. |
အရှင်ဉာဏ၊ ကြီးကြပ်ပြင်ဆင်သူအယ်ဒီတာ ဦးထွန်းရည်။ |
| 260 ## - PUBLICATION, DISTRIBUTION, ETC. |
| Place of publication, distribution, etc. |
မန္တလေး ၊ |
| Name of publisher, distributor, etc. |
ပိဋကတ်တော်ပြန့်ပွားရေးစာပေဋ္ဌာန၊ |
| Date of publication, distribution, etc. |
၁၉၇၃။ |
| 300 ## - PHYSICAL DESCRIPTION |
| Extent |
၁၂၃ စာမျက်နှာ ၊ |
| Dimensions |
၁၈ စင်တီ။ |
| 500 ## - GENERAL NOTE |
| General note |
S-UOK: U Ohn Kyaw<br/>S-SAT: Dr. Sai Aung Tun |
| 650 ## - SUBJECT ADDED ENTRY--TOPICAL TERM |
| Topical term or geographic name entry element |
ဗုဒ္ဓဘာသာ |
| General subdivision |
အမေးအဖြေ။ |
| 700 0# - ADDED ENTRY--PERSONAL NAME |
| Personal name |
ထွန်းရည်၊ |
| Titles and other words associated with a name |
ဦး၊ အယ်ဒီတာ၊ ကြီးကြပ်ပြင်ဆင်သူ- |
| 9 (RLIN) |
42471 |
| 942 ## - ADDED ENTRY ELEMENTS (KOHA) |
| Source of classification or shelving scheme |
|
| Koha item type |
Book (Short term) |